| 000 | 00937nam a2200265 a 4500 | ||
|---|---|---|---|
| 001 | 73371 | ||
| 003 | BD-RjUL | ||
| 005 | 20211209082403.0 | ||
| 008 | 170530s1963 iluab b 000 0 eng | ||
| 035 | _a(BD-RjUL)73589 | ||
| 040 |
_aDLC _cODaWU _dBD-RjUL _beng |
||
| 041 | _aeng | ||
| 082 |
_a630 _223 _bWIS 1963 |
||
| 100 | 1 |
_aWikkramatileke, Rudolph. _9217022 |
|
| 245 | 1 | 0 |
_aSoutheast Ceylon : _btrends and problems in agricultural settlement / _cRudolph Wikkramatileke |
| 260 |
_aChicago : _b[Dept. of Geography, University of Chicago], _c1963. |
||
| 300 |
_axii, 163 p. : _bill. ; _c23 cm. |
||
| 490 | 1 |
_aUniversity of Chicago. Dept. of Geography. Research paper _vno. 83 |
|
| 504 | _aIncludes bibliography | ||
| 650 | 0 |
_aAgricultural _9217023 |
|
| 650 | 0 |
_aPhysical geography _zSri Lanka. _9217024 |
|
| 830 |
_aUniversity of Chicago. Dept. of Geography. Research paper _9217026 |
||
| 942 |
_2ddc _cBK |
||
| 999 |
_c73371 _d73371 |
||